000 00542nmm a2200181Ia 4500
008 251105s9999||||xx |||||||||||||||||und||
020 _a9789871432486
041 _aspa
100 _aFerreyra, Adriana
245 0 _aMetodología de la investigación vol. I
264 _a[Buenos Aires, Argentina] :
_bEditorial Brujas,
_c2014
300 _a128 páginas
650 _aSocial Sciences (General)
700 _aFerreyra, Adriana
700 1 _a Lonhi, Ana Lía de
856 _uhttps://public.digitaliapublishing.com/a/35447
942 _cCF
999 _c65448
_d65448